01259nam a22001817a 450000500170000000800410001702000180005804000070007604100080008308200220009110000160011324500400012926000290016930000260019836500620022452007580028665000330104420220302152313.0220224b ||||| |||| 00| 0 eng d a9781408855683 cAL aeng 223a823.087bROHA aJ K Rowling aHarry Potter and the goblet of fire aLondonbBloomsburyc2014 a617p.bPBc19.5x13cm. 2Generala5944b₹559.20c₹d₹699.00e20%f18-02-2022 aThe Triwizard Tournament is to be held at Hogwarts. Only wizards who are over seventeen are allowed to enter – but that doesn't stop Harry dreaming that he will win the competition. Then at Hallowe'en, when the Goblet of Fire makes its selection, Harry is amazed to find his name is one of those that the magical cup picks out. He will face death-defying tasks, dragons and Dark izards, but with the help of his best friends, Ron and Hermione, he might just make it through – alive These new editions of the classic and internationally bestselling, multi-award-winning series feature instantly pick-up-able new jackets by Jonny Duddle, with huge child appeal, to bring Harry Potter to the next generation of readers. It's time to PASS THE MAGIC ON  2LiteratureaAmerican Fiction